| 000 | 00519nam a22001577a 4500 | ||
|---|---|---|---|
| 003 | OSt | ||
| 005 | 20151117142429.0 | ||
| 008 | 151117b xxu||||| |||| 00| 0 eng d | ||
| 040 | _cRUA | ||
| 082 | _aFIS ព្រិន 1990 B144 Or.1 | ||
| 100 |
_93789 _aព្រិន សាវន |
||
| 245 | _aការចិញ្ចឹមចំរុះត្រីកាបស៊ីស្មៅ កាបស កាបក្បាលធំ | ||
| 260 |
_aPhnom Penh _bRUA _c1990 |
||
| 300 |
_a134p. _bill. _c29cm. |
||
| 942 |
_2ddc _cFIS |
||
| 999 |
_c3524 _d3524 |
||